| 000 | 00825nam a2200253Ia 4500 | ||
|---|---|---|---|
| 008 | 191130s2006##################000#0#eng## | ||
| 020 | _a9781591024316 | ||
| 022 | _a2006043727 | ||
| 040 |
_aACL _cACL |
||
| 082 | _a184 MIT | ||
| 100 | _aMitscherling, Jeffrey Anthony | ||
| 245 |
_aThe image of a second sun : Plato on poetry, rhetoric, and the Technē of Mimēsis _cJeff Mitscherling |
||
| 260 |
_aAmherst, NY _bHumanity Books _cc2006 |
||
| 300 | _a468p. ; 24cm | ||
| 500 | _aIncludes bibliographical references and index | ||
| 650 | _aAesthetics, Ancient | ||
| 650 | _aMimesis in literature | ||
| 650 | _aPlato | ||
| 650 | _aPoetry, Ancient - History and criticism | ||
| 650 | _aRhetoric, Ancient - History and criticism | ||
| 990 | _a4a3a32f5ac10000c23a1238319eb2de5 | ||
| 991 | _a292921 | ||
| 999 |
_c53536 _d53536 |
||